| 000 | 00687nam a2200193 a 4500 | ||
|---|---|---|---|
| 003 | 0 | ||
| 005 | 20250310110858.0 | ||
| 008 | 090710s19uu xx 00 eng d | ||
| 050 |
_aPHS LB 1573.5 _b.C551 2009 |
||
| 100 | _aChotrani, Chloe Calderon. | ||
| 245 |
_aMotivation and reading proficiency of the grade 8 students / _cChloe Calderon Chotrani. |
||
| 260 |
_aLas PiƱas City, Philippines : _bSouthville International School and Colleges, _c2009. |
||
| 300 |
_a31 pages : _billustrations ; _c28 cm. |
||
| 504 | _aIncludes bibliographical references. | ||
| 650 | _aReading (Secondary). | ||
| 650 | _aReading comprehension. | ||
| 650 | _aMotivation in education. | ||
| 942 |
_2lcc _cPASS |
||
| 999 |
_c98232 _d98232 |
||